Illumination entre les DreamWorks-mort subite. - Statistiques

Statistiques générales
  • Ce quiz a été pris 78 fois
    76 depuis la dernière actualisation
  • Le résultat moyen est 4 sur 8
Answers on the Grid
Answers color-coded by a green-red scale on the quiz's grid according to % correct below.
Moi, moche et méchant
Shrek
Dragon
Bad guys
Hop
Le lorax
Le robot sauvage
Madagascar
Les 5 légendes
Les minions
Les trolls
Dog man
Tous en scène
Les croods
Le chat potté
Le grinch
Super Mario bros
Monstres contre aliens
Megamind
Les pingouins de Madagascar
Baby boss
Migrations
En route
Nos voisins les hommes
Gang de requins
 
Statistiques - réponses
Réponse % Correct
Moi, moche et méchant
96%
Les minions
58%
Le lorax
47%
Tous en scène
46%
Hop
42%
Super Mario bros
40%
Migrations
37%
Le grinch
30%
Aucun quiz correspondant
Distribution des résultats
% des personnes avec chaque résultat
Percentile par nombre de réponses
Votre historique - résultats
Vous n’avez pas pris ce quiz depuis la dernière actualisation